| 000 | 01069nam a22002657a 4500 | ||
|---|---|---|---|
| 999 |
_c63678 _d63678 |
||
| 005 | 20240530110653.0 | ||
| 008 | 171210s2015 ua a f b 000 0 ara d | ||
| 017 |
_a1436/4417 _bالسعودية . مكتبة الملك فهد الوطنية |
||
| 020 | _a9786038139936 | ||
| 040 |
_aEG-CaGPL _cEG-CaGPL |
||
| 082 | 0 | 4 |
_221 _a746.92\ _bس ت |
| 100 | 0 | _aسحر على زغلول على | |
| 245 | 1 | 0 |
_aتصميم ملابس النساء : _bالداخلية : المنزلية : الخارجية : الرياضة / _cسحر على زغلول على . |
| 250 | _aط.1 | ||
| 260 |
_aالرياض : _bدار الزهراء ، _c2015 . |
||
| 300 |
_a416 ص. : _bايض. ؛ _c24 سم. |
||
| 650 | 0 | 7 |
_2qrmak _aتصميم الازياء |
| 650 | 0 | 7 |
_2qrmak _aتفصيل الملابس |
| 650 | 0 | 7 |
_2qrmak _aالملابس الرياضية |
| 650 | 0 | 7 |
_2qrmak _aالملابس الخارجية للنساء |
| 650 | 0 | 7 |
_2qrmak _aالملابس الداخلية للنساء |
| 651 | _2qrmak | ||
| 942 |
_2ddc _cBK |
||